Vincitori Supercoppa UEFA - Statistics

Statistiche generali
  • Questo quiz è stato fatto 308 volte
    113 dall'ultimo reset
  • Il punteggio medio è 38 su 50
Statistiche sulle risposte
Anno Vincitore % Corretto
1989 Milan
100%
1990 Milan
100%
1994 Milan
100%
2003 Milan
100%
2007 Milan
100%
2002 Real Madrid
99%
2014 Real Madrid
99%
2016 Real Madrid
99%
2017 Real Madrid
99%
2022 Real Madrid
99%
2024 Real Madrid
99%
1992 Barcelona
98%
1997 Barcelona
98%
2009 Barcelona
98%
2011 Barcelona
98%
2015 Barcelona
98%
1998 Chelsea
98%
2021 Chelsea
98%
2025 Paris Saint-Germain
95%
2013 Bayern Monaco
93%
2020 Bayern Monaco
93%
1991 Manchester United
93%
1984 Juventus
92%
1996 Juventus
92%
2023 Manchester City
92%
1977 Liverpool
90%
2001 Liverpool
90%
2005 Liverpool
90%
2019 Liverpool
90%
2010 Atletico Madrid
86%
2012 Atletico Madrid
86%
2018 Atletico Madrid
86%
1973 Ajax
79%
1995 Ajax
79%
2006 Siviglia
78%
1987 Porto
67%
1999 Lazio
63%
1993 Parma
60%
1980 Valencia
56%
2004 Valencia
56%
1979 Nottingham Forest
40%
1986 Steaua Bucarest
38%
2000 Galatasaray
37%
1982 Aston Villa
36%
2008 Zenit
32%
1976 Anderlecht
17%
1978 Anderlecht
17%
1975 Dinamo Kiev
16%
1988 Malines
7%
1983 Aberdeen
5%
Nessun quiz corrispondente trovato
Distribuzione punteggi
Percentuale di utenti per punteggio
Percentile per numero di risposta
I tuoi punteggi nel tempo
Non hai fatto questo quiz dall'ultimo reset